000 03078nam0a2200445 4500
001 RU\NLR\BIBL_A\016326598
005 20260414133358.0
010 _a978-5-91702-474-5
_9100
021 _aRU
_bКН-П-23-010408
_9КН-П-23-1022
035 _a(NLR Aleph) 016326598
035 _a(RuMoRGB)011601544
090 _a13047569
_c13047569
100 _a20230328d2022 u y0rusy50 ca
101 0 _arus
102 _aRU
105 _ay j 000zy
181 0 _ai4
_baxxe
182 0 _an
200 1 _aИнфекционные болезни у детей: краткое руководство
_eучебное пособие
_eдля студентов медицинских вузов
_fА. В. Богданова, Е. Г. Игумнова, Е. А. Кригер [и др.]
_gпод редакцией О. В. Самодовой
_gМинистерство здравоохранения Российской Федерации, Федеральное государственное бюджетное образовательное учреждение высшего образования "Северный государственный медицинский университет" Министерства здравоохранения Российской Федерации
203 _aТекст
_bвизуальный
_cнепосредственный
205 _a3-е изд., перераб. и доп.
210 _aАрхангельск
_cСеверный государственный медицинский университет
_d2022
215 _a349, [1] с.
_cил., табл.
_d20
225 1 _aИнфекционные болезни
300 _aАвт. указаны на обороте тит. с.
300 _aВ конце кн. авт.: Богданова А. В., канд. мед. наук, Игумнова Е. Г., ассистент, Кригер Е. А., канд. мед. наук, доц. [и др.]
320 _aБиблиогр.: с. 347-349 (31 назв.)
606 1 _aИнфекционные болезни детей
_jУчебные издания для высших учебных заведений
_92085700
_3RU\NLR\AUTH\661261821
675 _a616.9-053.2(075.8)
_v4
686 1 _aР733.514я73
701 1 _7ca
_8rus
_aБогданова
_bА. В.
_cканд. мед. наук, инфекционист
_gАлександра Васильевна
_9194931
_3RU\NLR\AUTH\770194982
701 1 _aИгумнова
_bЕ. Г.
_gЕлена Геннадьевна
701 1 _7ca
_8rus
_aКригер
_bЕ. А.
_gЕкатерина Анатольевна
_9190192
_3RU\NLR\AUTH\770190243
702 1 _4340
_7ca
_8rus
_aСамодова
_bО. В.
_f1960-
_gОльга Викторовна
_9190197
_3RU\NLR\AUTH\770190248
712 0 2 _4475
_aСеверный государственный медицинский университет
_cАрхангельск
_9562229
_3RU\NLR\AUTH\8810031813
942 _cBOOK
980 _aNB